| 000 | 01097nam a2200229Ii 4500 | ||
|---|---|---|---|
| 003 | JO-AjNU | ||
| 008 | 230605s9999||||xx |||||||||||||| ||und|| | ||
| 017 | _a2012/7/2733 | ||
| 040 |
_aJO-AjNU _bara _erda _cJO-AjNU |
||
| 041 | _aara | ||
| 050 | 1 | 4 | _aTH420.J67.2012 |
| 100 | 3 |
_aإعداد أمجد البرغوثي، أحمد التل، يوسف مسنات؛ مراجعة جمال قطيشات وآخرون, _eauthor _951713 |
|
| 245 | 0 | 0 | _aمجلس البناء الوطني الأردني، وزارة الأشغال العامة والإسكان: كودة تحريات واستطلاع الموقع للطرق |
| 250 | _aط1 | ||
| 264 | 3 | 1 | _aعمان: الجمعية العلمية الملكية،مجلس البناء الوطني الأردني، 2012 |
| 300 | _aمتعدد الترقيم | ||
| 336 |
_atext _btxt _2rdacontent |
||
| 337 |
_aunmediated _bn _2rdamedia |
||
| 338 |
_avolume _bnc _2rdacarrier |
||
| 490 | 0 | _aكودات البناء الوطني الأردني | |
| 650 | 4 |
_aهندسة الطرق -- المباني -- مواصفات معيارية -- الأردن _951714 |
|
| 999 |
_aA22865 _c26433 _d26433 |
||